000 00873nam a2200253Ia 4500
003 OSt
005 20220923220218.0
006 a|||||r|||| 00| 0
007 ta
008 220922b |||||||| |||| 00| 0 hin d
024 _a185,107
037 _cTextual
040 _aARTS
_cARTS
_bhin
041 _2hin
_ahin
082 _aO152,1(Q224):g, N3
100 _aअवस्थी, प्रमिला
_9156271
245 0 _aहिन्दी रामकाव्य
_b नये सन्दर्भ
246 _aHindī rāmakāvya: naye sandarbha
260 _aकानपुर
_b चिन्तन प्रकाशन
_c1993
300 _a295 पृ.
_ccm.
650 _aहिन्दी साहित्य
_9156264
942 _hO152,1(Q224):g, N3
_cTEXL
_2CC
999 _c338353
_d338353